00527nam a2200193 a 4500001001300000003000900013005001700022008004100039020001000080082002100090100002600111245006100137260003500198300000900233500003500242505001200277650001800289700002600307nice12345678IN_TiNIC20260116011934.0050524s1977 newa grp 000 0 eng  ac10000a305.6297054bZAK aZakariyya, M M Hadith aMuslims` Afflictionb a Study of Causes and Their Remedy aNew DelhibKitab Bhavan c1977 a90p. aincludes index and biblioraphy2 a3 parts aMuslims-India1 aZakariyya, M M Hadith